| 000 | 00815nam a22002297a 4500 | ||
|---|---|---|---|
| 999 |
_c10069 _d10069 |
||
| 003 | AR-CdUCM | ||
| 008 | 190329b ||||| |||| 00| 0 spa d | ||
| 040 |
_aMUNICIPALIDAD PROVINCIAL DEL CUSCO _cBIBLIOTECA MUNICIPAL DEL CUSCO |
||
| 082 |
_aEP / 800 / _bC45 |
||
| 100 |
_aCevantes _926708 |
||
| 245 | _aNovelas ejemplares / | ||
| 260 |
_aMadrid : _bAguilar ediciones, _c1961. |
||
| 300 |
_a99 páginas ; _bIlustraciones, _c23 cm. |
||
| 440 |
_aColección el Gloro de Colores _926709 |
||
| 505 | _aContenido: La gitanilla -- La española inglesa -- El licenciado vidriera -- Las dos doncellas. | ||
| 650 |
_aCervantes _910750 |
||
| 650 |
_aLectura Universal _926710 |
||
| 650 |
_aLiteratura escolar _926679 |
||
| 700 |
_aA. J. M. (adaptación del texto original) _926711 |
||
| 942 |
_2ddc _cLIBROS |
||
| 945 | _adavv | ||